Statistics for Alphabet in Order of Frequency

Click here to take the quiz!

General Stats

  • This quiz has been taken 106 times
  • The average score is 16 of 26

Answer Stats

%Letter% Correct
12.7E
100%
8.2A
99%
9.1T
96%
7.5O
95%
7.0I
93%
6.3S
90%
6.7N
88%
6.1H
85%
6.0R
81%
4.3D
75%
4.0L
71%
2.8C
68%
2.8U
63%
2.4M
55%
0.1Z
49%
2.4W
48%
0.1Q
44%
2.2F
42%
2.0G
41%
0.2X
40%
1.5B
32%
0.2J
32%
0.8K
30%
1.9P
30%
2.0Y
30%
1.0V
27%

Score Distribution

Percentile by Number Answered

Percent of People with Each Score

Your Score History

You have not taken this quiz